01172nam2a2200205 4500001002400000005001700024021001800041035002600059100004100085101001300126102000700139105001800146200009800164210001800262215001700280300006400297320007300361320005200434461048000486RU\NLR\BIBL_A\01029845120250614031508.0 aRUb2014-5809 a(NLR Aleph) 010298451 a20121029d2014 |||y0rusy50 ca1 aruscheb aRU ay|||z 001yy1 aБерешит рабаe[в 2 т.fподгот. Ин-том пер. евр. текстов] d2014aБ. м. a876, [2] с. aВ конце кн. в макете подзаг.: в 8 т. aБиблиогр.: с. 787-790 и в подстроч. примеч. aБиблиогр. указ. в конце кн. 01001RU\NLR\bibl\196095212000#$aМидраш раба$e(великий мидраш)$e[в 10 т.]$fИн-т перевода евр. текстов$gпер. с иврита Яакова Синичкина, Анны Членовой$gпод ред., [коммент.] Реувена Кипервассера$vТ. 2cМоскваd2012fИн-т перевода евр. текстовnЛехаимo(великий мидраш) : [в 10 т.]tМидраш рабаvТ. 2